| 000 | 00692nac a22002055a 4500 | ||
|---|---|---|---|
| 008 | 091123s2008 ua a frb 000 0 eng d | ||
| 020 | _a9771023772 | ||
| 040 |
_aEG-ScBUE _beng _cEG-ScBUE |
||
| 082 | 0 | 4 |
_a658.8 _bHAD _222 |
| 100 | 1 |
_aHaddad, Farid. _99527 |
|
| 245 | 1 | 4 |
_aThe sales excellence handbook : _bacquire growth, conquer new markets maximize profits/ _cFarid Haddad. |
| 260 |
_aCairo : _bDar Al-Fikr Al-Arabi , _c2008. |
||
| 300 |
_a144 p : _bill. ; _c21cm. |
||
| 504 | _aBibliography : p. 141. | ||
| 590 | _acatalogued by : Mostafa El-Helaly | ||
| 650 |
_aMarketing. _99528 _2BUEsh |
||
| 651 | _2BUEsh | ||
| 653 |
_bBUSECO _cAugust2015 |
||
| 942 |
_cBB _k658.8HAD _2ddc |
||
| 999 |
_c9807 _d9807 |
||